Posse e Domn̕io Aspectos Pertinentes ̉Perc̕ia Judicial 2017 /

Detalles Bibliográficos
Autor principal: Liporoni, Antonio Sřgio
Otros Autores: Martins Benite, Odair
Formato: eBook
Lenguaje:portugués
Publicado: San Pablo: LEUD - Livraria e Editora Universitr̀ia de Direito, 2017
Materias:
Acceso en línea:Acceso restringido

MARC

LEADER 00000nam a22000007a 4500
005 20180421213744.0
007 cr|||| ||||
008 180421s2017 br |||||s|||| 00||0 por d
020 |a 978-85-7456-344-2 
035 |a 21465 
040 |a vLex 
090 |c 7807  |d 7807 
100 1 |a Liporoni, Antonio Sřgio 
245 1 0 |a Posse e Domn̕io  |h [Recurso electrn̤ico] :  |b Aspectos Pertinentes ̉Perc̕ia Judicial 2017 /  |c Antonio Sřgio Liporoni, Odair Martins Benite 
256 |a Servicio en ln̕ea 
260 |a San Pablo:  |b LEUD - Livraria e Editora Universitr̀ia de Direito,  |c 2017 
300 |a 1 recurso electrn̤ico 
500 |a Literatura tčnica, para quem atua na r̀ea das Perc̕ias de Engenharia, ̌sempre muito bem-vinda. Quando se trata do aperfeiȯamento de uma obra que j ̀ ̌refern̊cia de grande expressô nesse segmento profissional a satisfaȯ̂ ̌redobrada. É do senso comum que a propriedade imobilir̀ia ocupa um lugar de especial destaque nas relaė̳s humanas e em diversos setores da economia. Em razô disso, a quantidade e a diversidade de queste̳s que diuturnamente sô encaminhadas aos Fr̤uns e aos Registros Imobilir̀ios merecem uma atenȯ̂ muito especial de quem est ̀envolvido no processo de indicar caminhos para as soluė̳s que precisam ser implementadas. Os autores de “Posse e Domn̕io” produziram e complementaram um texto excepcional e a altura de suprir, com diferenciada qualidade tčnica e didt̀ica, as nô poucas necessidades dos profissionais da engenharia e da arquitetura que se dedicam a esse importante ramo do conhecimento, ficando tambm̌ evidenciado que o resultado desse trabalho nos ̌revelado com a maestria que somente verdadeiros experts, com efetivo e profundo conhecimento da matřia, poderiam oferecer. Nô se pode, ainda, deixar de aqui mencionar o fato de que produȯ̂ de uma obra desta natureza est ̀intimamente ligada ao cart̀er generoso de Liporoni, Benite (in memoriam) e Bernardi, professores na essn̊cia da definiȯ̂, ao se entregar com elogiv̀el dedicaȯ̂ ̉difusô do conhecimento entre seus pares, algo que ̌tambm̌ a marca do IBAPE/SP, instituiȯ̂ tčnica umbilicalmente ligada ̉histr̤ia desses brilhantes engenheiros. 
506 1 |a Disponible solo en los productos indicados  |d vLex Global  |d vLex Global (Academic Edition, excluding Law Schools)  |d vLex Global (U.S. Academic Edition, Law Schools)  |d vLex Global (U.S. Academic Edition, excluding Law Schools)  |d vLex Global (Academic Edition, Law Schools) 
650 0 4 |a Derecho Civil  |z Brasil 
700 1 |a Martins Benite, Odair 
740 0 |a vLex Libros (Servicio en ln̕ea) 
856 4 0 |u http://vlex.com/source/posse-e-dominio-aspectos-pertinentes-a-pericia-judicial-2017-21465  |z Acceso restringido 
942 |c BOOK 
999 0 |a Civil Law